000 00260nam a22001097a 4500
008 170125b xxu||||| |||| 00| 0 eng d
020 _a9780781735810
041 _aeng
080 _24TH
_a618.2
245 _aFUNDAMENTALS OF NURSING
_cCRAVEN, R.F
942 _2udc
_cBK
999 _c3648
_d3648